[Event "52nd Biel Festival 2019"]
[Site "Biel"]
[Date "2019.07.30"]
[Round "7.3"]
[White "Cori, Jorge"]
[Black "Georgiadis, Nico"]
[Result "0-1"]
[WhiteElo "2686"]
[BlackElo "2514"]
[Annotator "TA"]
[PlyCount "58"]
[EventDate "2019.07.22"]
[EventType "tourn"]
[EventCountry "SUI"]
[SourceTitle "playchess.com"]
[Source "ChessBase"]
[SourceQuality "1"]

{[%evp 26,58,0,0,0,-41,-23,-35,-42,-31,-40,-369,-369,-372,-367,-373,-372,-343,-141,-196,-188,-210,-204,-270,-270,-604,-591,-677,-698,-1015,-291,-958,-996,-961,-953]} 1. c4 e6 2. Nf3 d5 3. e3 Nf6 4. Nc3 c5 5. cxd5 exd5 6. d4 a6 7. Be2 Nc6 8. O-O Bd6 9. dxc5 Bxc5 10. b3 O-O 11. Bb2 Ba7 12. Rc1 Re8 13. Na4 Ne4 14. Nd4 Qg5 {D32: Tarrasch Defence: Sidelines and lines without g3} (14... Bd7 15. Nxc6 Bxc6 16. Bd4 Bxa4 17. bxa4 Bb8 18. g3 Be5 19. Bxe5 Rxe5 20. Qd4 Qe7 21. Rc2 Re8 22. Bf3 {1-0 (50) Cori Tello,J (2664)-Volodin,A (2457) Batumi 2018}) 15. Nxc6 bxc6 16. Bd4 {[#]} ({Much weaker is} 16. Rxc6 Nxf2 17. Rxf2 Qxe3 $17) 16... Bh3 $1 {[%csl Gh3][%cal Rg5g2][%mdl 512] Black is slightly better.} 17. Bf3 {[#]} Re6 $146 {[%mdl 128] Black attacks.} ({Predecessor:} 17... Bxd4 18. Qxd4 Re6 19. Rc2 Rg6 20. Bxe4 dxe4 21. f4 exf3 22. Rxf3 {0-1 (35) Renet,O (2494)-Conquest,S (2563) Clichy 2001}) 18. Kh1 $2 {[%mdl 8192] [#]} (18. Rc2 $15) 18... Rg6 $1 $19 {[%cal Rh3g2]} 19. g3 (19. gxh3 $2 {[#] is a self mate.} Qg1+ $1 {[%mdl 512]} 20. Rxg1 Nxf2#) 19... Bxf1 20. Bxe4 dxe4 21. Bxa7 Rxa7 (21... Bh3 $19 22. Bd4 Bg4) 22. Qxf1 (22. Rc5 $17 {keeps fighting.} Qe7 23. Qxf1) 22... Rd6 23. Nc5 Qg4 24. Qc4 Re7 {...Re5 is the strong threat.} 25. Qxa6 $2 (25. b4) 25... h5 26. Qa8+ Kh7 27. Qb8 Qf3+ 28. Kg1 Rf6 29. Rf1 {[#]} h4 $1 {[%mdl 512] Accuracy: White = 35%, Black = 80%.} 0-1

[Event "52nd Biel Festival 2019"]
[Site "Biel"]
[Date "2019.07.30"]
[Round "7.4"]
[White "Shankland, Sam"]
[Black "Leko, Peter"]
[Result "1/2-1/2"]
[WhiteElo "2713"]
[BlackElo "2674"]
[Annotator "TA"]
[PlyCount "148"]
[EventDate "2019.07.22"]
[EventType "tourn"]
[EventCountry "SUI"]
[SourceTitle "playchess.com"]
[Source "ChessBase"]
[SourceQuality "1"]

{[%evp 11,148,13,15,16,27,15,25,12,8,15,16,21,16,16,16,21,16,8,18,0,14,12,14,19,24,24,12,1,4,0,10,0,2,0,0,0,22,7,18,5,25,0,29,0,0,0,0,0,0,0,0,0,0,0,0,0,0,0,0,0,0,0,0,0,0,-62,0,0,0,0,0,0,0,-416,-391,-512,-58,-167,-63,-65,-67,-81,0,-70,0,-531,-537,-508,-460,-533,-529,-519,-521,-468,-110,-351,-321,-1353,-1355,-1165,-1093,-836,-161,-535,-133,-524,-535,-397,-194,-289,-311,-241,-152,-575,-572,-541,-555,-518,-102,-92,-89,-80,-105,-106,0,0,0,0,0,0,0,0,0,0,0,0,0,0,0]} 1. e4 e5 2. Nf3 Nc6 3. Bc4 Bc5 $146 (3... Nf6 4. d3 Bc5 5. c3 d6 6. a4 a6 7. h3 Ba7 8. O-O h6 9. Re1 {1-0 (36) Nepomniachtchi,I (2773)-Grischuk,A (2772) Moscow 2019}) 4. O-O Nf6 5. d3 d6 6. c3 a6 7. a4 {C54: Giuoco Piano: 4 c3 Nf6, main lines with 5 d4 and 5 d3} Ba7 8. Re1 O-O 9. h3 {White has an edge.} h6 10. Nbd2 {[%cal Bb1d2,Bd2f1,Bf1e3,Be3f5][%mdl 32]} Re8 11. b4 Be6 12. Bxe6 Rxe6 13. Qc2 Qd7 14. Nf1 d5 15. Be3 Bxe3 16. Nxe3 Rd8 17. b5 Ne7 18. c4 d4 19. Nf5 Re8 20. N3h4 Ng6 21. g3 Kh7 22. Kh2 Nxh4 23. Nxh4 Nh5 24. Reb1 Ra8 25. Ra2 g6 26. c5 Ng7 27. Qc4 axb5 28. axb5 Rxa2 29. Qxa2 Rf6 30. Kg2 Ne6 31. Nf3 Rxf3 $1 32. Kxf3 $11 {[%mdl 4096] Endgame KQR-KQN} Ng5+ 33. Ke2 Qxh3 34. Qc2 h5 35. Kd2 h4 36. gxh4 $1 Nf3+ 37. Kc1 Ne1 $36 {[%mdl 2048] Black is pushing.} 38. Qc4 ({Better is} 38. Qa2 $11 Qxd3 39. b6 (39. Qxf7+ Kh6 $11) 39... cxb6 40. Rxb6 (40. Qxf7+ Kh6 $11) 40... Qxe4 41. Qxf7+ {[%mdl 64] Double Attack} Kh6 42. Qf8+ Kh5 43. Qh8+ Kg4 44. Qc8+ {[%mdl 64] Double Attack} Kxh4 45. Qh8+ Kg5 46. Qd8+ Kg4 47. Qc8+ Kh5 48. Qh8+ (48. Qh3+ Kg5 $11) 48... Kg4 49. Qc8+ {[%mdl 64] Double Attack} Kh4 50. Qh8+ Kg4 51. Qc8+ {[%mdl 64] Double Attack}) 38... Qf3 (38... Nxd3+ $6 39. Kc2 $14) (38... Kg7 $15 39. Kd2 Nf3+ {[%mdl 64] Double Attack} 40. Kc2 Qh2) 39. Rb3 Qxf2 40. b6 c6 41. Ra3 Kg7 (41... Qf1 $5 42. Kb2 $8 Kg7 $15) 42. Ra7 $2 {[%mdl 8192]} (42. Kb1 $11) 42... Qf1 $1 $19 (42... Qe2 43. Ra3 $15) 43. Kd2 Nf3+ $2 (43... Ng2 44. Qb3 Nf4) 44. Kc2 Qe2+ (44... Kh6 $1 $19 45. Kb2 Ne1) 45. Kc1 $15 Ne1 $1 {[%cal Re1d3][%mdl 1024] Black has compensation.} 46. Ra3 $1 Qf2 47. Ra7 Qf1 $2 {[%mdl 8192]} (47... Kh6 $1 $15 48. Kb1 Qe2) 48. Kd2 $19 Ng2 $1 49. Qb3 Nf4 {Strongly threatening ...Qe2+.} 50. Ra3 Qf2+ $1 51. Kc1 Qxh4 52. Kb2 Qe7 $2 (52... Qh3 $19 {...g5 is the strong threat.} 53. Kc2 Qg2+ 54. Kc1 g5) 53. Ra7 $2 (53. Ra5 $17) 53... g5 $1 54. Ka2 $2 (54. Qd1) 54... g4 55. Qd1 Qe6+ $1 56. Ka3 Qc8 $2 (56... g3 {aiming for ...g2.} 57. Kb2 g2) 57. Qe1 $2 (57. Qg1 {was the crucial defense.}) 57... Nxd3 $2 (57... Qf8 $19 {has better winning chances.} 58. Ka2 Qxc5) 58. Qh4 $2 {[%mdl 8192]} (58. Qg3 $17 {nothing else works.} Nf4 59. Qh4) 58... f6 59. Ra5 Nf4 (59... Kg6 $142 60. Qg3 Nf4) 60. Ra7 (60. Kb2 {might work better.}) 60... d3 {Hoping for ...d2.} 61. Kb2 Kg6 {And now ...d2 would win.} 62. Kc3 $2 {[#]} (62. Ra1 $17 {is more resistant.}) 62... d2 $1 {[%mdl 64] Decoy} 63. Kxd2 Qd7+ 64. Kc1 Ne2+ $2 (64... Nd3+ $19 65. Kc2 Nxc5) 65. Kc2 $17 {[#]} Nd4+ $1 66. Kb2 Nf3 67. Qf2 {[#]} Qd3 (67... f5 $1 $17 {[%cal Rf5e4]} 68. exf5+ Kxf5) 68. Rxb7 $11 {The position is equal.} Nd4 ({Weaker is} 68... Qxe4 69. Qc2 $18) 69. Rb8 ({Don't go for} 69. Qh2 $2 Qb5+ 70. Ka1 Qa6+ 71. Kb1 Qf1+ 72. Ka2 (72. Kb2 $2 Qb5+ {[%mdl 64] Double Attack} 73. Ka1 Qa6+ {[%mdl 64] Double Attack} 74. Kb2 Qxb7 $19) 72... Qa6+ 73. Kb1 Qxb7 $19) 69... Qb3+ 70. Kc1 Qc4+ 71. Kb1 Qd3+ {[%mdl 64] Double Attack} 72. Kb2 $1 Qb3+ 73. Kc1 Qc4+ 74. Kb1 Qd3+ {[%mdl 64] Double Attack. Accuracy: White = 44%, Black = 44%.} 1/2-1/2